Loading...
| Literature - American Literature | 0 | 3 | 0 | 0 | 30 | 62 | 95.67 | 0 | 1 |
| Philosophy | 0 | 3 | 0 | 1 | 30 | 118 | 123.00 | 0 | 0 |
| Science - Biology | 0 | 3 | 0 | 0 | 30 | 69 | 75.67 | 1 | 2 |
| Fine Arts - Other Fine Arts | 0 | 3 | 1 | 1 | 25 | 85 | 114.00 | 0 | 2 |
| Fine Arts - Visual Fine Arts | 0 | 2 | 0 | 0 | 20 | 16 | 37.50 | 1 | 2 |
| Religion | 0 | 2 | 0 | 0 | 20 | 109 | 109.50 | 0 | 1 |
| Literature - British Literature | 0 | 2 | 1 | 0 | 15 | 54 | 68.50 | 0 | 1 |
| History - American History | 0 | 2 | 1 | 1 | 15 | 67 | 93.00 | 0 | 0 |
| Social Science | 0 | 1 | 0 | 0 | 10 | 86 | 86.00 | 0 | 0 |
| History - World History | 0 | 2 | 2 | 1 | 10 | 68 | 88.00 | 0 | 0 |
| Literature - European Literature | 0 | 1 | 0 | 0 | 10 | 64 | 64.00 | 0 | 1 |
| Literature - World/Other Literature | 0 | 1 | 0 | 0 | 10 | 77 | 77.00 | 0 | 1 |
| Fine Arts - Classical Music | 0 | 1 | 0 | 0 | 10 | 77 | 77.00 | 0 | 0 |
| Science - Chemistry | 0 | 1 | 0 | 0 | 10 | 80 | 80.00 | 0 | 1 |
| Mythology | 0 | 1 | 1 | 0 | 5 | 85 | 85.00 | 0 | 0 |